|
|
|
|
| LEADER |
00000nam0a2200000 4500 |
| 001 |
104948 |
| 005 |
20231031114220.0 |
| 035 |
|
|
|a (RuTPU)RU\TPU\book\113180
|
| 090 |
|
|
|a 104948
|
| 100 |
|
|
|a 20061110d1976 k y0rusy50 ca
|
| 101 |
0 |
|
|a rus
|
| 102 |
|
|
|a RU
|
| 105 |
|
|
|a a z 001zy
|
| 200 |
1 |
|
|a Геология и нефтегазоносность солянокупольных областей (сравнительный анализ Прикаспийской, Североморской, Примексиканской и Габонской впадин)
|f Х. Г. Соколин
|g Академия наук СССР (АН СССР); Институт геологии и разработки горючих ископаемых
|
| 210 |
|
|
|a Москва
|c Наука
|d 1976
|
| 215 |
|
|
|a 148 с.
|c ил.
|
| 320 |
|
|
|a Библиогр.: с. 140-146.
|
| 610 |
1 |
|
|a геология
|
| 610 |
1 |
|
|a солянокупольные области
|
| 610 |
1 |
|
|a нефтеносные районы
|
| 610 |
1 |
|
|a газоносные районы
|
| 610 |
1 |
|
|a земная кора
|
| 610 |
1 |
|
|a мощность
|
| 610 |
1 |
|
|a нефтегазопоисковые работы
|
| 675 |
|
|
|a 551.24
|v 3
|
| 675 |
|
|
|a 553.98
|v 3
|
| 700 |
|
1 |
|a Соколин
|b Х. Г.
|g Хаим Герцович
|
| 712 |
0 |
2 |
|a Академия наук СССР (АН СССР)
|2 stltpush
|3 (RuTPU)RU\TPU\col\722
|
| 712 |
0 |
2 |
|a Институт геологии и разработки горючих ископаемых
|2 stltpush
|3 (RuTPU)RU\TPU\col\294
|
| 801 |
|
1 |
|a RU
|b 63413507
|c 20061110
|g PSBO
|
| 801 |
|
2 |
|a RU
|b 63413507
|c 20071102
|g PSBO
|
| 942 |
|
|
|c BK
|